000 00549ntaaa2200193 4500
003 01
005 20251027202454.0
008 0714s1973 ag 01
040 _aAR-BaBN
_bspa
_cAR-BaBN
_eaacr
_dRIC
082 _a268.4330 F59
100 _aFlake, Arthur
_916676
245 _aYoung people's and adult's departments
250 _a1 ed.
260 _aNashville :
_bSunday School Board,
_cc1925
300 _a205 p.
500 _adepartmentos de jovenes y adultos en la escuela dominical
650 _aJovenes-Escuela Dominical
_914746
942 _cBK
999 _c19722
_d19722